Loading...
Mythology | 0 | 9 | 1 | 1 | 85 | 62 | 90.67 | 6 | 9 |
Science - Physics | 0 | 8 | 1 | 0 | 75 | 40 | 70.50 | 7 | 8 |
Science - Other Science | 0 | 6 | 0 | 1 | 60 | 38 | 92.50 | 5 | 6 |
Religion | 0 | 5 | 1 | 1 | 45 | 85 | 114.80 | 2 | 5 |
Philosophy | 0 | 5 | 1 | 1 | 45 | 58 | 87.00 | 3 | 5 |
Social Science | 0 | 2 | 0 | 0 | 20 | 43 | 73.50 | 2 | 2 |
Literature - British Literature | 0 | 2 | 0 | 1 | 20 | 137 | 146.00 | 1 | 2 |
History - World History | 0 | 1 | 0 | 1 | 10 | 128 | 128.00 | 0 | 1 |
Science - Biology | 0 | 1 | 0 | 0 | 10 | 117 | 117.00 | 0 | 1 |
History - Other History | 0 | 1 | 0 | 1 | 10 | 130 | 130.00 | 0 | 1 |
History - American History | 0 | 1 | 0 | 1 | 10 | 136 | 136.00 | 0 | 1 |
Current Events | 0 | 1 | 0 | 0 | 10 | 105 | 105.00 | 0 | 1 |
Literature - American Literature | 0 | 0 | 1 | 0 | -5 | 0.00 | 0 | 0 |